000 00499nam a2200181Ia 4500
003 GCL
008 140319s9999 xx 000 0 ara d
040 _aGCL /
_cGCL
082 0 4 _a915.54
_bف ر
100 1 _aفورستر، ا. م.
245 1 0 _aرحلة الى الهند /
_cفورستر، ا. م.
700 1 _aعزالدين اسماعيل
300 _a212 ص
490 _aالالف كتاب
_v0
650 0 4 _aالهند
650 0 4 _aالهند - وصف ورحلات
942 _2ddc
_cBK
999 _c43486
_d43486